Most Viewed YouTube Videos Quiz Stats

Quiz not verified by Sporcle

Challenge
Share
Tweet
Embed
Score 0/10 Timer 04:00
0 Plays Today
% Correct
Uptown Funk
41.4%
Hello
24.1%
Dark Horse
20.7%
Let Her Go
17.2%
Thinking Out Loud
17.2%
Love the Way You Lie
17.2%
Party Rock Anthem
17.2%
Thrift Shop
17.2%
Rolling in The Deep
6.9%
Counting Stars
0%

You're not logged in!

Compare scores with friends on all Sporcle quizzes.
Sign Up with Email
OR
Log In

You Might Also Like...

Show Comments

Extras

Top Quizzes Today


Score Distribution

Your Account Isn't Verified!

In order to create a playlist on Sporcle, you need to verify the email address you used during registration. Go to your Sporcle Settings to finish the process.

Report this User

Report this user for behavior that violates our Community Guidelines.

Details: